Thermal analysis of natural rubber Hevea brasiliensis latex (Record no. 71200)
[ view plain ]
| 000 -LEADER | |
|---|---|
| fixed length control field | 01154nam a2200193Ia 4500 |
| 100 ## - MAIN ENTRY--AUTHOR NAME | |
| Personal name | Hamdan S |
| 245 #0 - TITLE STATEMENT | |
| Title | Thermal analysis of natural rubber Hevea brasiliensis latex |
| 260 ## - PUBLICATION, DISTRIBUTION, ETC. (IMPRINT) | |
| Name of publisher | Journal of Rubber Research |
| Year of publication | 2000 |
| 300 ## - PHYSICAL DESCRIPTION | |
| Number of Pages | 25-33 |
| 520 ## - SUMMARY, ETC. | |
| Summary, etc | Thermal analysis of the natural rubber Hevea brasiliensis latex (NRL) with different moisture content was characterised using differential scanning calorimeter. The analysis was done between -100 oC to 150 oC. The thermal characteristics investigated are the glass transition temperature Tg, the boiling point of free-water Tf and bound-water Tb. Results showed that Tg for both dried concentrated rubber latex and dried NRL are similar, i.e. -56.84 oC, and -56.57 oC, respectively while Tg for diluted NRL was noted detected. The existence of moisture shifted the Tf in diluted NRL towards a higher temperature which was similar to the thermogram of de-ionised water. |
| 650 ## - SUBJECT ADDED ENTRY--TOPICAL TERM | |
| Topical Term | Hevea brasiliensis |
| 650 ## - SUBJECT ADDED ENTRY--TOPICAL TERM | |
| Topical Term | Latex |
| 650 ## - SUBJECT ADDED ENTRY--TOPICAL TERM | |
| Topical Term | Thermal analysis |
| 700 ## - ADDED ENTRY--PERSONAL NAME | |
| Personal name | Hashim D M A |
| 700 ## - ADDED ENTRY--PERSONAL NAME | |
| Personal name | Hassan J |
| 700 ## - ADDED ENTRY--PERSONAL NAME | |
| Personal name | Muhamad M |
| 942 ## - ADDED ENTRY ELEMENTS (KOHA) | |
| Koha item type | Journals |
| Withdrawn status | Lost status | Damaged status | Not for loan | Home library | Current library | Shelving location | Date acquired | Serial Enumeration / chronology | Koha item type |
|---|---|---|---|---|---|---|---|---|---|
| Journals | RRII Library | RRII Library | Rubber chemistry | 17/12/2021 | Volume 3, Issue 1 | Journals |